Higher algebra (Record no. 543690)

000 -LEADER
fixed length control field 00407nam a22001457a 4500
082 ## - DEWEY DECIMAL CLASSIFICATION NUMBER
Classification number 512.904
Author Mark BAR
-- L-1, P-8
100 ## - MAIN ENTRY--PERSONAL NAME
Personal name Barnard, s
9 (RLIN) 39155
245 ## - TITLE STATEMENT
Title Higher algebra
Statement of responsibility, etc. S. Barnard
250 ## - EDITION STATEMENT
Edition statement 1st ed.
260 ## - PUBLICATION, DISTRIBUTION, ETC.
Place of publication, distribution, etc. London
Name of publisher, distributor, etc. Lowe and brydone printers limited
Date of publication, distribution, etc. c 1936.
300 ## - PHYSICAL DESCRIPTION
Extent xiv, 585 p. :
Other physical details ill. ;
Dimensions 20 cm
526 ## - STUDY PROGRAM INFORMATION NOTE
Program name 0
Interest level 0
Reading level 0
Title point value 512_904000000000000_BAR
650 ## - SUBJECT ADDED ENTRY--TOPICAL TERM
Topical term or geographic name entry element MCE
9 (RLIN) 379
942 ## - ADDED ENTRY ELEMENTS (KOHA)
Source of classification or shelving scheme
Koha item type Book
Holdings
Withdrawn status Lost status Source of classification or shelving scheme Damaged status Not for loan Permanent Location Current Location Date acquired Total Checkouts Full call number Barcode Date last seen Price effective from Koha item type
          Military College of Engineering (MCE) Military College of Engineering (MCE) 03/28/2014   512.904 BAR MCE-29064 03/28/2014 03/28/2014 Book
© 2023 Central Library, National University of Sciences and Technology. All Rights Reserved.